<?xml version="1.0" encoding="UTF-8"?>
<collection xmlns="http://www.loc.gov/MARC21/slim">
 <record>
  <leader>01891nam a2200241 a 4500</leader>
  <controlfield tag="001">1/47492</controlfield>
  <controlfield tag="008">171013s1991    gr       b    00110 gre  </controlfield>
  <datafield tag="020" ind1=" " ind2=" ">
   <subfield code="a">1856492796</subfield>
  </datafield>
  <datafield tag="035" ind1=" " ind2=" ">
   <subfield code="l">50474</subfield>
  </datafield>
  <datafield tag="040" ind1=" " ind2=" ">
   <subfield code="a">GR-PeUP</subfield>
  </datafield>
  <datafield tag="082" ind1="0" ind2="0">
   <subfield code="a">306 DEC</subfield>
  </datafield>
  <datafield tag="245" ind1="0" ind2="4">
   <subfield code="a">The decolonization of imagination :</subfield>
   <subfield code="b">culture, knowledge and power /</subfield>
   <subfield code="c">edited by Jan P. Nederveen Pieterse and Bhikhu Parekh.</subfield>
  </datafield>
  <datafield tag="260" ind1=" " ind2=" ">
   <subfield code="a">London:</subfield>
   <subfield code="b">Zed books,</subfield>
   <subfield code="c">1991.</subfield>
  </datafield>
  <datafield tag="300" ind1=" " ind2=" ">
   <subfield code="a">246 σ. ;</subfield>
   <subfield code="c">22 εκ.</subfield>
  </datafield>
  <datafield tag="500" ind1=" " ind2=" ">
   <subfield code="a">Revised papers originally presented at a conference held 1991 in Amsterdam.</subfield>
  </datafield>
  <datafield tag="505" ind1="0" ind2=" ">
   <subfield code="a">Contents: Continuities in imagination / Marion O'Callaghan -- 'Dying races' : rationalizing genocide in the nineteenth century / Patrick Brantlinger -- Ethnographic showcases, 1870-1930 / Raymond Corbey -- Liberalism and colonialism : a critique of Locke and Mill / Bhikhu Parekh -- Samurai and self-colonization in Japan / Hiroshi Yoshioka -- Metaphors and the Middle East : crisis discourse on Gaza / Toine van Teeffelen -- 'Mixed-bloods' and the cultural politics of European identity in colonial Southeast Asia / Ann Stoler -- Patterns of exclusion : imaginaries of class, nation, ethnicity, and gender in Europe / Jan Berting -- Culture wars in the United States: closing reflections on the century of the colour line / Ronald Takaki -- Teaching for the times / Gayatri Chakravorty Spivak -- The emerging Metastate versus the politics of identity / Sol Yurick -- The self wandering between cultural localization and globalization / Susantha Goonatilake.</subfield>
  </datafield>
  <datafield tag="504" ind1=" " ind2=" ">
   <subfield code="a">Bibliographic references and Index.</subfield>
  </datafield>
  <datafield tag="650" ind1=" " ind2="4">
   <subfield code="a">Decolonization</subfield>
   <subfield code="z">Developing countries</subfield>
   <subfield code="x">Congresses.</subfield>
  </datafield>
  <datafield tag="650" ind1=" " ind2="4">
   <subfield code="a">Social change</subfield>
   <subfield code="z">Developing countries</subfield>
   <subfield code="x">Congresses.</subfield>
  </datafield>
  <datafield tag="651" ind1=" " ind2="4">
   <subfield code="a">Developing countries</subfield>
   <subfield code="x">Civilization</subfield>
   <subfield code="x">Congresses.</subfield>
  </datafield>
  <datafield tag="700" ind1="1" ind2=" ">
   <subfield code="a">Nederveen Pieterse, Jan.</subfield>
  </datafield>
  <datafield tag="700" ind1="1" ind2=" ">
   <subfield code="a">Parekh, Bhikhu C.</subfield>
  </datafield>
  <datafield tag="852" ind1=" " ind2=" ">
   <subfield code="a">INST</subfield>
   <subfield code="b">UNIPILB</subfield>
   <subfield code="c">MAIN</subfield>
   <subfield code="e">20171013</subfield>
   <subfield code="h">306 DEC</subfield>
   <subfield code="p">00178411</subfield>
   <subfield code="q">00178411</subfield>
   <subfield code="t">LOAN</subfield>
   <subfield code="y">0</subfield>
   <subfield code="4">1</subfield>
  </datafield>
 </record>
</collection>
